header

Welfare states under pressure (Record no. 55531)

MARC details
000 -LEADER
fixed length control field 02082nam a22003491a 4500
082 04 - DEWEY DECIMAL CLASSIFICATION NUMBER
Classification number 361.6/094
245 00 - TITLE STATEMENT
Title Welfare states under pressure
260 ## - PUBLICATION, DISTRIBUTION, ETC. (IMPRINT)
Place of publication London ;
-- Thousand Oaks, Calif. :
Name of publisher SAGE,
Year of publication 2001.
300 ## - PHYSICAL DESCRIPTION
Number of Pages x, 208 p.
505 8# - FORMATTED CONTENTS NOTE
Formatted contents note Machine generated contents note: List of Figures and Tables vi -- Notes on the Contributors vii -- Preface ix -- 1 The Politics of Welfare in Europe -- Peter Taylor-Gooby 1 -- 2 Earning Welfare Citizenship: Welfare State Reform -- in Finland and Sweden -- Virpi Timonen 29 -- 3 Reshaping the Social Policy-Making Framework in France -- Bruno Palier 52 -- 4 Stumbling towards Reform: The German Welfare State -- in the 1990s -- Frank Blnker and Hellmut Wollmann 75 -- 5 Spain, a Via Media of Welfare Development -- Luis Moreno 100 -- 6 Switzerland: Stubborn Institutions in a Changing Society -- Giuliano Bonoli 123 -- 7 Welfare Reform in the UK: the Construction of a Liberal -- Consensus -- Peter Taylor-Gooby 147 -- 8 Polity, Policy-Making and Welfare Futures -- Peter Taylor-Gooby 171 -- Bibliography 189 -- Index 204.
650 #0 - SUBJECT ADDED ENTRY--TOPICAL TERM
Topical Term Public welfare
Topical Term Welfare state.
700 1# - ADDED ENTRY--PERSONAL NAME
Personal name Taylor-Gooby, Peter.
856 40 - ELECTRONIC LOCATION AND ACCESS
Uniform Resource Identifier http://site.ebrary.com/lib/rucke/Doc?id=10080881

No items available.

© 2026 Rongo University
Contact us: librarian | system librarian | Rongo university